000 00582 a2200169 4500
999 _c7363
_d7363
020 _a9780333083185
050 0 0 _aD443. CAR 2002
100 1 _aCarr, Edward Hallett,
_d1892-1982.
245 1 0 _aInternational relations between the two world wars, 1919-1939 /
_cE. H Carr
264 _aNew York:
_bPalgrave.,
_c2002
300 _aviii, 302 p. :
_bmaps. ;
500 _a"First published under the title 'International relations since the peace treaties.'"
650 0 _aWorld politics.
650 0 _aWorld War, 1914-1918
_xInfluence.
651 0 _aEurope
942 _2lcc
_cBK
_h443
_iCAR
_kD